Normal view
MARC view
- Appan, M.P
Entry Personal Name
001 - CONTROL NUMBER
- control field: 5987
003 - CONTROL NUMBER IDENTIFIER
- control field: OSt
005 - DATE AND TIME OF LATEST TRANSACTION
- control field: 20240213150155.0
008 - FIXED-LENGTH DATA ELEMENTS
- fixed length control field: 240213|| aca||aabn | a|a d
040 ## - CATALOGING SOURCE
- Original cataloging agency: OSt
- Transcribing agency: OSt
100 ## - HEADING--PERSONAL NAME
- Personal name: Appan, M.P
670 ## - SOURCE DATA FOUND
- Source citation: Work cat.: (OSt)73: Appan, M.P ., Vajra bindukkal,Part.II , 1957.
